[Event "Women's Speed Chess Q2"]
[Site "chess.com INT"]
[Date "2021.05.29"]
[Round "5"]
[White "Zaksaite, Salomeja"]
[Black "Serikbay, Assel"]
[Result "0-1"]
[WhiteTitle "WIM"]
[BlackTitle "WIM"]
[WhiteElo "2202"]
[BlackElo "2228"]
[WhiteFideId "12801496"]
[BlackFideId "13706799"]
[EventDate "2021.05.29"]

1. g3 d5 2. Bg2 c6 3. b3 e5 4. Bb2 Nd7 5. e3 g6 6. Ne2 Bg7 7. d3 Ne7 8. Nd2 O-O
9. O-O f5 10. h3 Qc7 11. c4 Nf6 12. Rc1 Qd6 13. cxd5 cxd5 14. d4 Ne4 15. dxe5
Bxe5 16. Bxe5 Qxe5 17. Nf3 Qd6 18. Nf4 Bd7 19. Nd4 Rac8 20. Qd3 a6 21. Rfd1 Qa3
22. Nde6 Rxc1 23. Nxf8 Kxf8 24. Nxd5 Rxd1+ 25. Qxd1 Qd6 26. Nc3 Qxd1+ 27. Nxd1
Nd5 28. g4 Ndc3 29. Nxc3 Nxc3 30. gxf5 gxf5 31. Bxb7 a5 32. a3 Nb5 33. a4 Nc3
34. e4 fxe4 35. f3 e3 36. Kf1 Be6 37. Ke1 Bxb3 38. Bc6 Bxa4 0-1

[Event "Women's Speed Chess Q2"]
[Site "chess.com INT"]
[Date "2021.05.29"]
[Round "5"]
[White "Mahalakshmi, M"]
[Black "Morris-Suzuki, Sophie"]
[Result "1-0"]
[WhiteTitle "WIM"]
[BlackTitle "WFM"]
[WhiteElo "2253"]
[BlackElo "2043"]
[WhiteFideId "5001080"]
[BlackFideId "30922615"]
[EventDate "2021.05.29"]

1. d4 d5 2. c4 Nc6 3. Nf3 Bg4 4. e3 e5 5. cxd5 Qxd5 6. Nc3 Bb4 7. Bd2 Bxc3 8.
bxc3 e4 9. h3 exf3 10. c4 Qe4 11. Rg1 Bh5 12. Qb3 Nxd4 13. Qa4+ b5 14. Qa5 Nc2+
15. Kd1 Nxa1 16. Qxb5+ c6 17. Qb2 fxg2+ 18. Be2 Bxe2+ 19. Kxe2 Qxc4+ 20. Ke1
Nc2+ 21. Kd1 Nf6 22. Qe5+ Qe6 23. Qc5 O-O-O 24. Qxa7 Qd5 25. Qa8+ Kc7 26. Qa7+
Kd6 27. Kxc2 Ra8 28. Bb4+ c5 29. Qb6+ Ke5 30. Qc7+ Ke6 31. a4 cxb4 32. Rd1 Qe4+
33. Kb2 Nd5 34. Qc6+ Ke5 35. Rxd5+ Qxd5 36. f4+ Ke4 37. Qc2+ Qd3 38. Qc6+ Kxe3
39. Qe8+ 1-0

[Event "Women's Speed Chess Q2"]
[Site "chess.com INT"]
[Date "2021.05.29"]
[Round "5"]
[White "Doluhanova, Evgeniya"]
[Black "Eswaran, Aksithi"]
[Result "1-0"]
[WhiteTitle "WGM"]
[BlackTitle "WCM"]
[WhiteElo "2207"]
[BlackElo "1745"]
[WhiteFideId "14112035"]
[BlackFideId "2083485"]
[EventDate "2021.05.29"]

1. e4 c5 2. Nf3 Nc6 3. d4 cxd4 4. Nxd4 Nf6 5. Nc3 e5 6. Ndb5 d6 7. Bg5 a6 8. Na3
Be6 9. Nd5 Bxd5 10. exd5 Qa5+ 11. c3 Qxd5 12. Nc4 Qxd1+ 13. Rxd1 Rd8 14. g3 Be7
15. Bg2 d5 16. Bxf6 dxc4 17. Bxc6+ bxc6 18. Bxg7 Rg8 19. Bxe5 Rd5 20. Bf4 Rg6
21. Ke2 Re6+ 22. Kf3 Bc5 23. Rxd5 cxd5 24. Rd1 Bd6 25. Rxd5 Bxf4 26. gxf4 Rh6
27. Rc5 Rxh2 28. Rxc4 h5 29. Kg3 Rh1 30. Kg2 Rb1 31. Rb4 a5 32. Rb5 a4 33. b3
Ra1 34. bxa4 Rxa2 35. a5 h4 36. c4 Ra4 37. Rc5 Kd7 38. Kh3 Kd6 39. Rd5+ Kc6 40.
Rf5 Rxc4 41. Rxf7 Kb5 42. Rf5+ Ka6 43. Kxh4 Rc2 44. f3 Rf2 45. Kg3 Rf1 46. Rd5
Ra1 47. f5 Rg1+ 48. Kf4 Rg8 49. f6 Rf8 50. Kf5 Kb7 51. Ke6 Kc7 52. Ke7 Rh8 53.
f7 Rh7 54. a6 Kb6 55. Rd6+ Ka7 56. Ke8 1-0

[Event "Women's Speed Chess Q2"]
[Site "chess.com INT"]
[Date "2021.05.29"]
[Round "5"]
[White "Vo, Thi Kim Phung"]
[Black "Linares Napoles, Oleiny"]
[Result "0-1"]
[WhiteTitle "WGM"]
[BlackTitle "WGM"]
[WhiteElo "2335"]
[BlackElo "2255"]
[WhiteFideId "12401838"]
[BlackFideId "3504794"]
[EventDate "2021.05.29"]

1. d4 Nf6 2. c4 g6 3. Nc3 Bg7 4. e4 d6 5. Nf3 O-O 6. Be2 e5 7. O-O Nc6 8. d5 Ne7
9. Ne1 Nd7 10. Be3 f5 11. f3 f4 12. Bf2 h5 13. Nd3 g5 14. c5 Nf6 15. Rc1 Rf7 16.
Nb5 a6 17. cxd6 cxd6 18. Nc7 Rb8 19. Ba7 Bd7 20. Bxb8 Qxb8 21. Ne6 Ng6 22. Nf2
Bh6 23. Qc2 Nh4 24. Qc7 Qa7 25. Qxd6 g4 26. Kh1 Qe3 27. Rce1 g3 28. Nd1 Qd2 29.
h3 Kh7 30. Qxe5 Ng6 31. Qd4 Qa5 32. a3 Bxe6 33. dxe6 Rf8 34. Bd3 Ne5 35. b4 Qc7
36. Nb2 Rd8 37. Qc5 Qxc5 38. bxc5 Nxd3 39. Nxd3 Rxd3 40. Rb1 Rxa3 41. Rxb7+ Kg6
42. Rd1 Rc3 43. Rc7 Bf8 44. c6 Bb4 45. e7 Kf7 46. Rc8 Bxe7 47. c7 a5 48. Ra1 Bb4
49. Ra8 Rxc7 50. Rd1 Ke6 51. Ra6+ Ke7 52. Ra8 Nd7 53. Ra6 Ne5 54. Rh6 Rc2 55.
Rxh5 Nxf3 56. Rh7+ Kf6 57. e5+ Nxe5 58. Rh6+ Ng6 59. Rf1 Kg5 60. Rh7 Nh4 61.
Rg7+ Kh6 62. Rg4 Nxg2 0-1

[Event "Women's Speed Chess Q2"]
[Site "chess.com INT"]
[Date "2021.05.29"]
[Round "5"]
[White "Mordido, Kylen Joy"]
[Black "Avramidou, Anastasia"]
[Result "0-1"]
[WhiteTitle "WIM"]
[BlackTitle "FM"]
[WhiteElo "2014"]
[BlackElo "2238"]
[WhiteFideId "5219086"]
[BlackFideId "4239873"]
[EventDate "2021.05.29"]

1. c4 e6 2. d4 d5 3. Nf3 a6 4. g3 dxc4 5. Bg2 Nf6 6. O-O b5 7. a4 c6 8. Ne5 Nd5
9. Nc3 Bb7 10. e4 Nxc3 11. bxc3 Bd6 12. f4 O-O 13. Be3 Qe7 14. Qg4 c5 15. f5
exf5 16. exf5 f6 17. Bxb7 Qxb7 18. Nf3 cxd4 19. Nxd4 Bc5 20. axb5 axb5 21. Rxa8
Qxa8 22. Bh6 Qa7 23. Be3 Re8 24. Rf3 Nd7 25. Qh5 Rc8 26. Bf2 Ne5 27. Rf4 Qa1+
28. Kg2 Qxc3 29. Ne6 Bxf2 30. Rxf2 Qd3 31. g4 c3 32. g5 Qe4+ 33. Kg3 Qg4+ 34.
Qxg4 Nxg4 35. Kxg4 c2 36. gxf6 gxf6 37. Rg2 c1=Q 38. Kh5+ Kh8 39. Rg7 Qd1+ 40.
Kh4 Qe1+ 41. Kh3 Qxe6 42. Rg2 Qxf5+ 43. Kg3 Rc3+ 44. Kh4 Rh3# 0-1

[Event "Women's Speed Chess Q2"]
[Site "chess.com INT"]
[Date "2021.05.29"]
[Round "5"]
[White "Mendoza, Shania Mae"]
[Black "Ambartsumova, Karina"]
[Result "0-1"]
[WhiteTitle "WFM"]
[BlackTitle "IM"]
[WhiteElo "2158"]
[BlackElo "2382"]
[WhiteFideId "5211158"]
[BlackFideId "4166299"]
[EventDate "2021.05.29"]

1. e4 c5 2. Nf3 e6 3. g3 Nc6 4. Bg2 Qc7 5. O-O Nf6 6. Re1 e5 7. c3 d6 8. h3 Be7
9. d4 O-O 10. Na3 a6 11. Bg5 h6 12. Bxf6 Bxf6 13. d5 Ne7 14. Nc2 b5 15. Qd2 Kh7
16. h4 g6 17. b3 Bg7 18. c4 f5 19. Nh2 fxe4 20. Bxe4 Nf5 21. g4 Nxh4 22. Ne3 Qf7
23. Ng2 Bf6 24. Nxh4 Bxh4 25. Nf3 Be7 26. Nh2 Bg5 27. Qe2 Kg7 28. Kg2 Bf4 29. f3
Qf6 30. Rh1 Bd7 31. Nf1 Rh8 32. Ne3 Raf8 33. Nc2 Kf7 34. Rag1 h5 35. gxh5 gxh5
36. Kf1 Rfg8 37. Ke1 h4 38. Kd1 h3 39. Ne1 h2 40. Rxg8 Rxg8 41. Kc2 Rg1 42. Rxh2
Bxh2 43. Qxh2 Rxe1 44. Qh5+ Ke7 45. Qh7+ Kd8 46. Qg8+ Be8 47. Qg4 Qf4 0-1

[Event "Women's Speed Chess Q2"]
[Site "chess.com INT"]
[Date "2021.05.29"]
[Round "5"]
[White "Kairbekova, Amina"]
[Black "Zaichenko, Daria"]
[Result "1-0"]
[WhiteTitle "WFM"]
[BlackTitle "WFM"]
[WhiteElo "2132"]
[BlackElo "2104"]
[WhiteFideId "13712799"]
[BlackFideId "4197453"]
[EventDate "2021.05.29"]

1. e4 e5 2. Nf3 Nc6 3. Nc3 Nf6 4. Be2 Bc5 5. Nxe5 Bxf2+ 6. Kxf2 Nxe5 7. d4 Ng6
8. Rf1 d5 9. e5 Ne4+ 10. Nxe4 dxe4 11. Kg1 O-O 12. Be3 Be6 13. c4 c6 14. Qc2 f5
15. exf6 Rxf6 16. Qxe4 Qd7 17. Rxf6 gxf6 18. Qf3 f5 19. Bd3 Rf8 20. Rf1 Ne5 21.
Qg3+ Ng6 22. Qg5 Kh8 23. h4 f4 24. Bxg6 hxg6 25. Qh6+ Kg8 26. Qxg6+ Kh8 27. Qh6+
Kg8 28. Rxf4 Rxf4 29. Qxf4 Bxc4 30. b3 Bd5 31. h5 Qe6 32. Kf2 Qe8 33. Qg5+ Kh8
34. Bf4 Qf7 35. Kg3 Qg8 36. Be5+ Kh7 37. Qxg8+ Kxg8 38. Kh3 Kh7 39. g4 Bf3 40.
Kh4 Be4 41. g5 1-0

[Event "Women's Speed Chess Q2"]
[Site "chess.com INT"]
[Date "2021.05.29"]
[Round "5"]
[White "Antova, Gabriela"]
[Black "Gu, Xiaobing"]
[Result "0-1"]
[WhiteTitle "FM"]
[BlackTitle "WGM"]
[WhiteElo "2250"]
[BlackElo "2263"]
[WhiteFideId "2915235"]
[BlackFideId "8602611"]
[EventDate "2021.05.29"]

1. e4 c5 2. Nf3 d6 3. d4 cxd4 4. Nxd4 Nf6 5. Nc3 a6 6. Be3 e5 7. Nb3 Be7 8. f3
h5 9. Qd2 Be6 10. Nd5 Bxd5 11. exd5 Nbd7 12. O-O-O Qc7 13. Kb1 Nb6 14. Qa5 Rc8
15. Na1 Bd8 16. Bxb6 Qxb6 17. Qxb6 Bxb6 18. c4 O-O 19. Bd3 h4 20. b4 Nh5 21. Nb3
Nf4 22. Bf1 f5 23. g3 Ng6 24. Bd3 Bf2 25. g4 e4 26. gxf5 exd3 27. fxg6 Rxf3 28.
Nd2 Rh3 29. Rhf1 Rxh2 30. Nf3 Rg2 31. Rxd3 Rxc4 32. a3 Rcg4 33. Rd2 h3 34. Rdxf2
Rxf2 35. Rxf2 Rf4 36. Rf1 Rf6 37. Kc2 Rxg6 38. Kd3 Rg2 39. Rh1 Rg3 40. Ke3 g5
41. Kf2 Rg2+ 42. Ke3 g4 43. Ng5 Kg7 44. Ne4 Kg6 45. Nxd6 Ra2 46. Nc4 Rc2 0-1

[Event "Women's Speed Chess Q2"]
[Site "chess.com INT"]
[Date "2021.05.29"]
[Round "5"]
[White "Tarasova, Viktoriya"]
[Black "Osmak, Iulija"]
[Result "1/2-1/2"]
[WhiteTitle "WIM"]
[BlackTitle "IM"]
[WhiteElo "2226"]
[BlackElo "2425"]
[WhiteFideId "4175840"]
[BlackFideId "14101602"]
[EventDate "2021.05.29"]

1. d4 f5 2. c4 Nf6 3. g3 g6 4. Bg2 Bg7 5. Nf3 O-O 6. O-O d6 7. Nc3 Nc6 8. b3 e5
9. dxe5 dxe5 10. e4 fxe4 11. Ng5 Nd4 12. h3 Bf5 13. Ngxe4 c6 14. Bg5 Qc7 15.
Bxf6 Bxf6 16. Nxf6+ Rxf6 17. Ne4 Rf7 18. Qd2 Bxh3 19. Ng5 Bxg2 20. Kxg2 Rd7 21.
Qc3 Qd8 22. Ne4 Qe7 23. Rae1 Rf8 24. f4 exf4 25. gxf4 Qe6 26. Qg3 Nf5 27. Qh3
Qf7 28. Rf2 h6 29. Rfe2 Rdd8 30. Ng3 Nxg3 31. Qxg3 Rfe8 32. Rxe8+ Rxe8 33. Rxe8+
Qxe8 34. f5 Qe4+ 35. Kg1 Qxf5 36. Qb8+ Kg7 37. Qxb7+ Qf7 38. Qxc6 h5 39. Qc5 h4
40. Qd4+ Qf6 41. Qxa7+ Kh6 42. Qa8 g5 43. Qe4 Qa1+ 44. Kg2 Qxa2+ 45. Kg1 Qa1+
46. Kg2 Qb2+ 47. Kg1 Qxb3 48. Qe6+ Kh5 49. Qe2+ Kg6 50. Qe6+ Kh5 51. Qe2+ g4 52.
Qe5+ Kg6 53. Qe6+ Kg5 54. Qe5+ Kg6 55. Qe6+ Kg5 56. Qe5+ Kg6 1/2-1/2

[Event "Women's Speed Chess Q2"]
[Site "chess.com INT"]
[Date "2021.05.29"]
[Round "5"]
[White "Sargsyan, Anna M."]
[Black "Pandey, Srishti"]
[Result "1-0"]
[WhiteTitle "WGM"]
[BlackTitle "WFM"]
[WhiteElo "2385"]
[BlackElo "2026"]
[WhiteFideId "13308130"]
[BlackFideId "35093290"]
[EventDate "2021.05.29"]

1. d4 Nf6 2. c4 c5 3. d5 b5 4. cxb5 a6 5. bxa6 Bxa6 6. Nc3 g6 7. Nf3 Bg7 8. e4
d6 9. Bxa6 Nxa6 10. O-O O-O 11. Re1 Nd7 12. Bf4 Qb6 13. e5 dxe5 14. Nxe5 Nxe5
15. Bxe5 Bxe5 16. Rxe5 Qxb2 17. Rc1 Qb7 18. Qe2 Rfe8 19. Ne4 Red8 20. h4 Rxd5
21. Ng3 Rxe5 22. Qxe5 Nb4 23. Rb1 Qd5 24. Qxe7 Qxa2 25. Rd1 Qc2 26. Rd7 Qc4 27.
h5 Nc6 28. Qf6 Nd4 29. h6 Nf5 30. Nxf5 Qc1+ 31. Kh2 Qf4+ 32. Kh3 Qxf5+ 33. Qxf5
gxf5 34. Rc7 c4 35. Rxc4 Kf8 36. Rc5 Ke7 37. Rxf5 Ke6 38. Rf3 f6 39. g4 Kf7 40.
Kh4 Kg6 41. Rf5 Ra6 42. Rh5 Ra1 43. Kg3 Rg1+ 44. Kf4 Rf1 45. f3 Re1 46. Rf5 Rb1
47. Ra5 Rb4+ 48. Kg3 Rb3 49. Ra6 Rc3 50. Kf4 Rc4+ 51. Ke3 Rc3+ 52. Ke2 Rc2+ 53.
Ke3 Rf2 54. Kxf2 Kxh6 55. Rxf6+ Kg7 56. Rf5 h6 57. Rh5 Kg6 58. Kg3 Kh7 59. Kh4
Kg6 60. f4 Kg7 61. f5 Kf6 62. Rxh6+ 1-0

[Event "Women's Speed Chess Q2"]
[Site "chess.com INT"]
[Date "2021.05.29"]
[Round "5"]
[White "Ziegenfuss, Antonia"]
[Black "Singgih, Diajeng Theresa"]
[Result "0-1"]
[WhiteTitle "WFM"]
[BlackTitle "WFM"]
[WhiteElo "2157"]
[BlackElo "1972"]
[WhiteFideId "12962554"]
[BlackFideId "7104391"]
[EventDate "2021.05.29"]

1. d4 d5 2. c4 e6 3. Nc3 Nf6 4. cxd5 Nxd5 5. e4 Nxc3 6. bxc3 c5 7. Bb5+ Bd7 8.
Bxd7+ Nxd7 9. Nf3 cxd4 10. cxd4 Bb4+ 11. Bd2 Bxd2+ 12. Qxd2 O-O 13. O-O Nb6 14.
Rfc1 Rc8 15. Rxc8 Qxc8 16. Rc1 Qd7 17. h3 Rc8 18. Rc3 Nc4 19. Qc1 b5 20. a4 a6
21. Ne5 Qc7 22. axb5 axb5 23. Qb1 Rb8 24. Qb4 Qb7 25. Nxc4 bxc4 26. Qxb7 Rxb7
27. Rxc4 f6 28. Kh2 Rb2 29. Kg3 Kf7 30. Rc7+ Kg6 31. f4 Rb3+ 32. Kf2 Rd3 33. Rc4
Kh5 34. g4+ Kh4 35. f5 exf5 36. gxf5 Kxh3 37. e5 Kg4 38. Ke2 Ra3 39. e6 Kxf5 40.
e7 Ra8 41. Rc6 Re8 42. Rc7 Ke6 43. Kf3 Rxe7 44. Rc1 Rd7 45. Rh1 h6 46. Re1+ Kf5
47. Re4 g5 48. Re1 h5 49. Rd1 h4 50. Rd2 g4+ 51. Kg2 Ke4 52. Rf2 f5 0-1

[Event "Women's Speed Chess Q2"]
[Site "chess.com INT"]
[Date "2021.05.29"]
[Round "5"]
[White "Fernandez, Maria Florencia"]
[Black "Frattini, Beatriz Maria"]
[Result "1-0"]
[WhiteTitle "WIM"]
[BlackTitle "WCM"]
[WhiteElo "2229"]
[BlackElo "1854"]
[WhiteFideId "116459"]
[BlackFideId "22715002"]
[EventDate "2021.05.29"]

1. d4 Nf6 2. c4 g6 3. Nc3 d5 4. cxd5 Nxd5 5. e4 Nxc3 6. bxc3 Bg7 7. Bc4 c5 8.
Be3 Nc6 9. Ne2 O-O 10. O-O Bg4 11. f3 cxd4 12. cxd4 Na5 13. Bd3 Be6 14. d5 Bd7
15. Rb1 Rc8 16. Qd2 b6 17. Rfc1 Rxc1+ 18. Rxc1 Qb8 19. Bf4 Be5 20. Bh6 Bg7 21.
Bxg7 Kxg7 22. Qc3+ Kg8 23. Qc7 Ba4 24. Nd4 Re8 25. Ba6 b5 26. Qxb8 Rxb8 27. Rc7
Rb6 28. Rxa7 Nc4 29. Nc6 Nd6 30. Nxe7+ Kf8 31. Nc6 b4 32. Bd3 Bxc6 33. dxc6 Rxc6
34. Ra4 Rc3 35. Bf1 b3 36. axb3 Rxb3 37. Rd4 Nb5 38. Rd8+ Ke7 39. Rb8 Nd4 40.
Ra8 Rb1 41. Kf2 Rb2+ 42. Ke3 Ne6 43. Rh8 h5 44. Ra8 Rb3+ 45. Kf2 Rb2+ 46. Kg3
Kf6 47. Ra5 Nd4 48. e5+ Ke6 49. f4 Nf5+ 50. Kf3 Nd4+ 51. Ke4 Nf5 52. Ra6+ Ke7
53. Ra7+ Ke6 54. Bc4# 1-0

[Event "Women's Speed Chess Q2"]
[Site "chess.com INT"]
[Date "2021.05.29"]
[Round "5"]
[White "Smirnova, Ekaterina"]
[Black "Makhija, Aashna"]
[Result "0-1"]
[WhiteTitle "WIM"]
[BlackTitle "WIM"]
[WhiteElo "2240"]
[BlackElo "1969"]
[WhiteFideId "4110943"]
[BlackFideId "25011944"]
[EventDate "2021.05.29"]

1. d4 Nf6 2. c4 e6 3. Nf3 d5 4. Nc3 Be7 5. Bg5 h6 6. Bh4 O-O 7. e3 Ne4 8. Bxe7
Qxe7 9. Bd3 Nxc3 10. bxc3 dxc4 11. Bxc4 b6 12. O-O Bb7 13. Be2 Nd7 14. a4 a6 15.
a5 b5 16. c4 bxc4 17. Bxc4 c5 18. Rb1 Be4 19. Bd3 Bxd3 20. Qxd3 cxd4 21. Nxd4
Nc5 22. Qa3 Rfc8 23. h3 Qg5 24. Rb6 Nd7 25. Rb7 Nc5 26. Rb6 Nd7 27. Rb2 Ne5 28.
f4 Nc4 29. fxg5 Nxa3 30. gxh6 gxh6 31. Rb7 Rf8 32. Rf6 Nc4 33. Nb3 Nxe3 34. Rxh6
Rab8 35. Nc5 Rxb7 36. Nxb7 Rc8 37. Kf2 Nf5 38. Rh5 Rc2+ 39. Kf3 Nd4+ 40. Ke4 Nc6
41. Kd3 Rxg2 42. Rc5 Ne7 43. h4 Rg4 44. h5 Kg7 45. Nd6 Nd5 46. Ne4 Nb4+ 47. Ke3
Nd5+ 48. Kd3 f5 49. Nf2 Rh4 50. Rc6 Nb4+ 0-1

[Event "Women's Speed Chess Q2"]
[Site "chess.com INT"]
[Date "2021.05.29"]
[Round "5"]
[White "Cyfka, Karina"]
[Black "Zhai, Mo"]
[Result "1/2-1/2"]
[WhiteTitle "IM"]
[BlackTitle "WGM"]
[WhiteElo "2415"]
[BlackElo "2366"]
[WhiteFideId "1122681"]
[BlackFideId "8600201"]
[EventDate "2021.05.29"]

1. d4 Nf6 2. c4 b6 3. Nf3 Bb7 4. g3 g6 5. Bg2 Bg7 6. O-O O-O 7. Re1 e6 8. Nc3
Ne4 9. Nxe4 Bxe4 10. Bf4 Nc6 11. Be3 d5 12. cxd5 Qxd5 13. Rc1 Rad8 14. Qa4 Rfe8
15. b4 Nxd4 16. Nxd4 Bxd4 17. Bxe4 Qxe4 18. Bxd4 Qxd4 19. Rxc7 a5 20. a3 Qd2 21.
Rcc1 h5 22. bxa5 bxa5 23. Rcd1 Qc3 24. Rc1 Qe5 25. h4 Rc8 26. Rxc8 Rxc8 27. Qd7
Rc2 28. Qe8+ Kg7 29. Qd8 Rxe2 30. Rxe2 Qxe2 31. Qxa5 Qd1+ 32. Kg2 Qd3 33. Qe5+
Kg8 34. Qb8+ Kg7 35. Qb4 Qd5+ 36. Kh2 Qf3 37. Qd4+ Kh7 38. a4 e5 39. Qe3 Qd5 40.
Qa3 Qa5 41. Kg2 Kg7 42. Qb3 Qa8+ 43. Kh2 Qa7 44. Kg2 Qa8+ 45. Kh2 Qa7 46. Qb2
Qxa4 47. Qxe5+ Kh7 48. Qf6 Qc4 49. Qf3 Qe6 50. Kg2 Kg7 51. Kh2 Kh7 52. Kg2 Kg7
53. Kh2 Kh7 1/2-1/2

[Event "Women's Speed Chess Q2"]
[Site "chess.com INT"]
[Date "2021.05.29"]
[Round "5"]
[White "Agrest, Inna"]
[Black "Swati, Mohota"]
[Result "1-0"]
[WhiteTitle "WIM"]
[BlackTitle "WFM"]
[WhiteElo "2285"]
[BlackElo "2027"]
[WhiteFideId "1708830"]
[BlackFideId "5006511"]
[EventDate "2021.05.29"]

1. e4 Nf6 2. e5 Nd5 3. d4 Nb6 4. Nf3 d5 5. Bd3 Bg4 6. h3 Bd7 7. O-O e6 8. c3 c5
9. Re1 Nc6 10. Nbd2 Rc8 11. Nf1 cxd4 12. cxd4 Bb4 13. Bd2 Bxd2 14. Qxd2 Qe7 15.
a3 Nc4 16. Bxc4 dxc4 17. Ne3 b5 18. d5 exd5 19. Nxd5 Qc5 20. Rad1 Be6 21. Nc3
Rd8 22. Qg5 O-O 23. Ne4 Qe7 24. Nf6+ Kh8 25. Qh4 gxf6 26. exf6 Qc5 27. Rxd8 Rxd8
28. Ng5 Qf5 29. g4 Qg6 30. f4 Nd4 31. Qf2 Qxf6 32. Ne4 Qg7 33. f5 Bd5 34. f6 Qg6
35. Qxd4 Re8 36. Qxd5 h5 37. Qxh5+ Qxh5 38. gxh5 Kh7 39. Ng5+ Kh6 40. Rxe8 Kxg5
41. Re7 Kxh5 42. Rxf7 Kg6 43. Rxa7 Kxf6 44. Kf2 Ke5 45. Ke3 Kd5 46. h4 Kc5 47.
h5 Kb6 48. Rf7 b4 49. axb4 Kb5 50. h6 Kxb4 51. Rb7+ Ka4 52. h7 c3 53. bxc3 Ka3
54. h8=Q Ka2 55. Qa8# 1-0

[Event "Women's Speed Chess Q2"]
[Site "chess.com INT"]
[Date "2021.05.29"]
[Round "5"]
[White "Eswaran, Ashritha"]
[Black "Arabidze, Meri"]
[Result "1/2-1/2"]
[WhiteTitle "WIM"]
[BlackTitle "IM"]
[WhiteElo "2244"]
[BlackElo "2436"]
[WhiteFideId "2080788"]
[BlackFideId "13604040"]
[EventDate "2021.05.29"]

1. e4 e5 2. Nf3 Nc6 3. Bc4 Bc5 4. d3 Nf6 5. O-O d6 6. a4 a5 7. Nbd2 O-O 8. c3
Ba7 9. Bb3 Ne7 10. Nc4 Ng6 11. Be3 Bb8 12. Re1 Ra6 13. Bg5 h6 14. Be3 c6 15. Qc1
Kh7 16. h3 d5 17. Ncd2 Re8 18. Bc2 Qd6 19. d4 dxe4 20. Bxe4 Nxe4 21. Nxe4 Qc7
22. dxe5 Nxe5 23. Nxe5 Qxe5 24. Ng3 Be6 25. Bd4 Qf4 26. Qxf4 Bxf4 27. Nh5 c5 28.
Nxg7 Rc8 29. Nxe6 fxe6 30. Be5 Bxe5 31. Rxe5 Rb6 32. Rb1 Kg6 33. f4 Kf6 34. Kf2
Rd8 35. Ke3 Rd5 36. Rxd5 exd5 37. g4 Re6+ 38. Kf3 d4 39. cxd4 cxd4 40. Rd1 Rd6
41. Ke4 Re6+ 42. Kf3 Re3+ 43. Kf2 Rxh3 44. Rxd4 Rh2+ 45. Kf3 Rxb2 46. Rd6+ Kg7
47. Ke4 b5 48. Rd5 bxa4 49. Rxa5 Rb4+ 50. Kf5 Kf8 51. Ra7 Kg8 52. g5 hxg5 53.
fxg5 Rb5+ 54. Kg6 Rb6+ 55. Kh5 Rb4 56. g6 Rb1 57. Rxa4 Rh1+ 58. Kg5 Rg1+ 59. Kf6
Rf1+ 60. Kg5 Rg1+ 61. Rg4 Rxg4+ 62. Kxg4 Kg7 63. Kg5 Kg8 64. Kf6 Kf8 65. g7+ Kg8
66. Kg6 1/2-1/2

[Event "Women's Speed Chess Q2"]
[Site "chess.com INT"]
[Date "2021.05.29"]
[Round "5"]
[White "Golubeva, Oksana"]
[Black "Shvedova, Alexandra"]
[Result "1-0"]
[WhiteTitle "WFM"]
[BlackTitle "WFM"]
[WhiteElo "2179"]
[BlackElo "1976"]
[WhiteFideId "4170164"]
[BlackFideId "54154782"]
[EventDate "2021.05.29"]

1. Nf3 d5 2. e3 Nf6 3. c4 e6 4. Nc3 b6 5. Qc2 Bb7 6. b3 Nbd7 7. Bb2 Be7 8. Rg1
h5 9. O-O-O a6 10. Kb1 dxc4 11. Bxc4 b5 12. Be2 Nb6 13. d4 b4 14. Na4 Nxa4 15.
bxa4 Qd7 16. Ne5 Qd8 17. Nc6 Qd7 18. Bf3 Nd5 19. Nxe7 Qxe7 20. Rc1 O-O-O 21. a5
Kb8 22. Qc5 Qxc5 23. Rxc5 h4 24. h3 Rd7 25. Rgc1 Rg8 26. Kc2 g5 27. Kb3 f5 28.
Rc6 Bxc6 29. Rxc6 g4 30. Be2 Rd6 31. Rxa6 gxh3 32. gxh3 Rg2 33. Rxd6 cxd6 34. a3
bxa3 35. Bxa3 Kc7 36. a6 Nb6 37. Bb4 Rxf2 38. Bb5 Rf3 39. a7 Rxe3+ 40. Kc2 Kb7
41. Bxd6 Kxa7 42. Bf1 Nd5 43. Kd2 Rf3 44. Ke2 Rb3 45. Bc5+ Kb7 46. Bg2 Kc7 47.
Bf1 Nf4+ 48. Kd2 Nxh3 49. Be7 Nf4 50. Bxh4 Nd5 51. Bc4 Rb2+ 52. Kd3 Rh2 53. Bg3+
f4 54. Bxh2 Kd7 55. Bxd5 exd5 56. Bxf4 Ke6 57. Ke3 Ke7 58. Be5 Ke6 59. Kf4 Kd7
60. Kf5 Ke7 61. Bf4 Kd7 62. Ke5 Kc6 63. Ke6 Kb5 64. Kxd5 Kb6 65. Kd6 Ka7 66. d5
Kb8 67. Kd7+ Kb7 68. d6 Kb6 69. Kd8 Ka7 70. d7 Ka8 71. Kc7 Ka7 72. d8=Q Ka6 73.
Qb8 Ka5 74. Qb3 Ka6 75. Qb6# 1-0

[Event "Women's Speed Chess Q2"]
[Site "chess.com INT"]
[Date "2021.05.29"]
[Round "5"]
[White "Gaponenko, Inna"]
[Black "Varshini, V"]
[Result "1-0"]
[WhiteTitle "IM"]
[BlackTitle "WGM"]
[WhiteElo "2357"]
[BlackElo "2226"]
[WhiteFideId "14101181"]
[BlackFideId "5091241"]
[EventDate "2021.05.29"]

1. e4 c5 2. c3 e6 3. d4 d5 4. exd5 Qxd5 5. Nf3 Nf6 6. Na3 Be7 7. Nb5 Na6 8. c4
Qd8 9. Be2 O-O 10. O-O Bd7 11. Bg5 Ne4 12. Bxe7 Qxe7 13. Bd3 f5 14. Qe2 cxd4 15.
Nbxd4 Nac5 16. Rad1 Nxd3 17. Qxd3 Rad8 18. Rfe1 Bc8 19. Qe3 h6 20. Ne5 Kh7 21.
Nb5 a6 22. Nc3 Nxc3 23. Qxc3 Qf6 24. h3 Rxd1 25. Rxd1 Rd8 26. Rxd8 Qxd8 27. Qe1
Qd4 28. b3 b6 29. Nf3 Qd6 30. Qe3 Bb7 31. Ne5 Kg8 32. Qg3 Kh7 33. Qg6+ Kg8 34.
Qf7+ Kh7 35. Ng6 Qd1+ 36. Kh2 Qd6+ 37. f4 Qc6 38. Nf8+ Kh8 39. Qg6 Kg8 40. Nxe6
Qd7 41. h4 Qe7 42. Kh3 Qf7 43. Qxf7+ Kxf7 44. Nd4 Kf6 45. Kg3 Be4 46. Kf2 Bb1
47. a3 Be4 48. g3 h5 49. Ke3 g6 50. b4 Bb1 51. Nb3 Ke6 52. Kd4 Kd6 53. c5+ bxc5+
54. Nxc5 1-0

[Event "Women's Speed Chess Q2"]
[Site "chess.com INT"]
[Date "2021.05.29"]
[Round "5"]
[White "Pham, Le Thao Nguyen"]
[Black "Girya, Olga"]
[Result "0-1"]
[WhiteTitle "IM"]
[BlackTitle "WGM"]
[WhiteElo "2369"]
[BlackElo "2451"]
[WhiteFideId "12401226"]
[BlackFideId "4195752"]
[EventDate "2021.05.29"]

1. d4 d5 2. Nf3 Nf6 3. Bf4 c5 4. e3 cxd4 5. exd4 Nc6 6. c3 Bg4 7. Nbd2 e6 8. Qb3
Bd6 9. Bg3 Rb8 10. Bd3 O-O 11. O-O Bf5 12. Bxf5 exf5 13. Bh4 Be7 14. Bxf6 Bxf6
15. Rfe1 Qd7 16. Nf1 f4 17. h3 Rfe8 18. N1h2 h5 19. Qc2 g6 20. Qd2 Qf5 21. Re2
Re4 22. Ree1 Rbe8 23. Nf1 g5 24. N3h2 g4 25. hxg4 hxg4 26. Nxg4 Qxg4 27. f3 Rxe1
28. Rxe1 Qc8 29. Rxe8+ Qxe8 30. Qxf4 Qe7 31. Ng3 Bg5 32. Qg4 f6 33. Nf5 Qe1+ 34.
Kh2 Qd2 35. Kh3 Qf4 36. g3 Qxg4+ 37. Kxg4 Bc1 38. b3 Bb2 39. c4 dxc4 40. bxc4
Nxd4 41. Nd6 b6 42. Kf4 Kf8 43. Ke4 Nc6 44. Nb5 Ke7 45. f4 Kd7 46. Kd5 a6 47. g4
Nb4+ 48. Ke4 axb5 49. cxb5 Ke6 50. a4 Bc3 51. Ke3 Nd5+ 52. Ke4 Ba5 53. f5+ Kd6
54. Kd4 Ne7 55. Kc4 Be1 56. Kd4 Nc8 57. Ke4 Kc5 58. Kf4 Nd6 59. g5 Bd2+ 60. Kf3
Bxg5 0-1